| 000 | 00941 a2200169 4500 | ||
|---|---|---|---|
| 003 | Nust | ||
| 005 | 20230330114104.0 | ||
| 040 | _cNust | ||
| 082 | _a900,CAR | ||
| 100 |
_aCarter, E.H _9111585 |
||
| 245 |
_aGeneral History : _bin outline and story / _cE.H.Carter & C.K Ogden |
||
| 260 |
_aNew York _bOrthologic Institute _c1938 |
||
| 300 | _a288:p | ||
| 505 | _aThe First Stage (Page-11), The Early Developments in the East (Page-23), The Great Days of Greece (Page-52), The Great Days of Rome (Page-72), The Middle Ages (Page-101), The New Birth of Europe (Page-142), New Forces in Religion and The Growth of a New outlook (Page-158), The Expansion of Europe Overseas (Page-176), The Great Kings of Europe (Page-193), The American Revolution (Page-205), The French Revolution and Napoleon (Page-212), The Birth of New Nations (Page-225), The World of the present Day (Page-258). | ||
| 650 |
_aGeneral History _9111586 |
||
| 942 |
_2ddc _cBK |
||
| 999 |
_c186082 _d186082 |
||